000
00206 a2200097 4500
001
58491
100
_a
245
_a
Mehboob-i- khuda
260
_a
Lahore
_b
Al faisal
_c
1993
090
_c
35871
_d
35871
942
_a
NUST-CAE
_c
MONOGRAPH
_c
28748
999
_c
293564
_d
293564